Die neue Kartographie
-д хадгалсан:
| Үндсэн зохиолч: | |
|---|---|
| Формат: | Ном |
| Хэл сонгох: | герман |
| Хэвлэсэн: |
Klagenfurt
Universitätsverlag Carinthia
1983
|
| Нөхцлүүд: | |
| Шошгууд: |
Шошго нэмэх
Шошго байхгүй, Энэхүү баримтыг шошголох эхний хүн болох!
|
MARC
| LEADER | 00000nam a2200000 a 4500 | ||
|---|---|---|---|
| 001 | UCV8320 | ||
| 003 | CL-VaPUC | ||
| 008 | 910402e19830000AU |||||||||||||||||ger|d | ||
| 082 | 0 | 4 | |a 526.8 |b PET |2 21 |
| 100 | 0 | |a Peters, Arno |e author |9 302387 | |
| 245 | 1 | 4 | |a Die neue Kartographie |
| 246 | 1 | 4 | |a The new cartography |
| 300 | |a 163 p | ||
| 942 | |c BK | ||
| 945 | |d 19910402 00:00:00 | ||
| 260 | |a Klagenfurt |b Universitätsverlag Carinthia |c 1983 | ||
| 650 | 0 | |a Cartografía |9 266055 | |
| 650 | 7 | |a MAPASPROYECCIONES |2 CL-VaPUC |9 266447 | |
| 583 | |a last modification |c 20130411 08:03:13 |k Rodrigo Vera | ||
| 999 | |c 213858 |d 213856 | ||
| 952 | |0 0 |1 0 |4 0 |6 526_800000000000000_PET_1983 |7 0 |8 P |9 196656 |a BIBARQ |b BIBARQ |d 2019-11-14 |i 2644991 |l 2 |o 526.8 PET 1983 |p 2644991 |r 2025-01-20 |s 2024-04-08 |w 2019-11-14 |y BK |k ARQ | ||